Dietari de la Deputació del General de Cathalunya
Descripción Física:
2 v. ; 25 cm
MARC
| LEADER | 00000nam a2200000Ia 4500 | ||
|---|---|---|---|
| 001 | 867, 868 | ||
| 008 | 160829s1974 - 1977 xx 000 0 cat d | ||
| 080 | |a M-3-64, M-3-65 | ||
| 245 | |a Dietari de la Deputació del General de Cathalunya | ||
| 260 | |a Barcelona : |b Archivo de la Corona de Aragón : |b Diputación Provincial de Barcelona, |c 1974 - 1977 | ||
| 300 | |a 2 v. ; |c 25 cm | ||
| 490 | |a Colección de Documentos Inéditos. 2ª época ; vol. XLVI, XLIX | ||
| 590 | |a Conté: v. 1: XLVI; v. 2: XLIX. | ||
| 590 | |a Hi ha un duplicat de cada volum a: DUP-5, DUP-6 | ||
| 650 | |a Catalunya. Diputació del General |x Fonts |9 30175 | ||
| 710 | 1 | |a Barcelona (Catalunya : Província). |b Diputació |9 52408 | |
| 710 | 2 | |a Arxiu de la Corona d'Aragó |9 55371 | |
| 901 | |a Arxiu | ||
| 942 | |n 1 | ||
| 952 | |0 0 |1 0 |4 0 |6 M364_M365 |7 1 |9 45307 |a Arxiu |b Arxiu |d 2016-12-01 |l 0 |o M-3-64, M-3-65 |p 867, 868 |r 2016-12-01 00:00:00 |w 2016-12-01 |y ARXIU | ||
| 999 | |c 48381 |d 48381 | ||